Normal view
MARC view
Entry Personal Name
001 - CONTROL NUMBER
- control field: 1629
003 - CONTROL NUMBER IDENTIFIER
- control field: ARRUPE
005 - DATE AND TIME OF LATEST TRANSACTION
- control field: 20130927133059.0
008 - FIXED-LENGTH DATA ELEMENTS
- fixed length control field: 130927|| aca||aabn | a|a d
040 ## - CATALOGING SOURCE
- Original cataloging agency: ARRUPE
- Transcribing agency: ARRUPE
100 ## - HEADING--PERSONAL NAME
- Personal name: Martin, David A.,
- Dates associated with a name: 1948-
670 ## - SOURCE DATA FOUND
- Source citation: Work cat.: (ARRUPE)0: Martin, David A., 1948-, The breaking of the image :, 1980.